01003nam a2200253 a 4500001001000000003000500010005001700015008004100032010001100073011001100084040000900095100003000104245020400134260004100338500006000379502009700439650003400536650001200570650003000582650002600612650002500638856001600663856007000679000111282CHAP20220329144205.0150126s2014 mx a fsm |||||||spa d a107744 a108716 cCHAP1 aArmendáriz Daher, Laura10aSustentabilidad del agua subterránea usada en el riego en el cultivo del sorgo grano (Sorghum vulgare) BMF en el DR-042, Buenaventura, Chihuahua en 2012h[En línea]cpor Laura Armendáriz Daher. aChapingo, Méx. :bEl autor,c2014. aPara ver el contenido del material haga clic en la liga aTesis (Ing. en Sistemas Agrícolas) -- UACH. Unidad Regional Univeristria de Zonas Áridas14aAgua subterráneazChihuahua14aBombeo.14aIndicadores económicos.14aMaízxIrrigación.14aSorgoxIrrigación. a1 n0000533 aFinding aiduhttp://10.13.5.2/tesis/sist111282.pdfzTeclea aquí